[Event "I Liga Centralne Srbije"]
[Site "Bajina Bašta, Serbia"]
[Date "2020.10.10"]
[Round "1.1"]
[White "Dimitrov, Radoslav"]
[Black "Ivic, Velimir"]
[Result "1/2-1/2"]
[WhiteElo "2507"]
[BlackElo "2548"]
[Annotator "Knez"]
[PlyCount "73"]
[EventDate "2020.??.??"]
[TimeControl "90"]

1. c4 {[%emt 2:15:40]} e5 {[%emt 0:01:21]} 2. Nc3 {[%emt 0:00:47]} Nf6 {
[%emt 0:01:03]} 3. Nf3 {[%emt 0:00:20]} Nc6 {[%emt 0:00:12]} 4. d4 {[%emt 0:00:
03]} exd4 {[%emt 0:01:20]} 5. Nxd4 {[%emt 0:00:03]} Bb4 {[%emt 0:00:40]} 6. g3
{[%emt 0:00:02]} Bxc3+ {[%emt 0:01:19]} 7. bxc3 {[%emt 0:00:03]} Na5 {[%emt 0:
00:22]} 8. e3 {[%emt 0:04:36]} O-O {[%emt 0:03:06]} 9. Nb3 {[%emt 0:11:24]} Nc6
{[%emt 0:00:49]} 10. Be2 {[%emt 0:00:07]} d6 {[%emt 0:01:21]} 11. O-O {[%emt 0:
00:44]} a5 {[%emt 0:19:58]} 12. f3 {[%emt 0:00:38]} a4 {[%emt 0:00:33]} 13. Nd4
{[%emt 0:01:19]} Nd7 {[%emt 0:08:32]} 14. e4 {[%emt 0:02:21]} Na5 {[%emt 0:09:
25]} 15. Nb5 {[%emt 0:10:38]} b6 {[%emt 0:13:49]} 16. Qxa4 {[%emt 0:07:07]} Nc5
{[%emt 0:04:16]} 17. Qd1 {[%emt 0:01:20]} Nab3 {[%emt 0:02:32]} 18. Bg5 {
[%emt 0:00:19]} Qxg5 {[%emt 0:03:34]} 19. axb3 {[%emt 0:00:03]} Rxa1 20. Qxa1
Nxb3 21. Qa3 {[%emt 0:19:03]} Qe3+ 22. Rf2 Nc1 {[%emt 0:00:23]} 23. Bf1 {
[%emt 0:19:48]} Qe1 {[%emt 0:01:37]} 24. Kg2 {[%emt 0:00:41]} Bh3+ {[%emt 0:13:
56]} 25. Kxh3 {[%emt 0:00:20]} Qxf2 {[%emt 0:00:04]} 26. Qxc1 {[%emt 0:00:05]}
f5 {[%emt 0:00:04]} 27. Nd4 {[%emt 0:18:00]} fxe4 {[%emt 0:00:32]} 28. c5 {
[%emt 0:00:01]} bxc5 {[%emt 0:01:38]} 29. Bc4+ {[%emt 0:02:34]} Kh8 {[%emt 0:
00:02]} 30. Ne6 {[%emt 0:00:09]} Rf6 {[%emt 0:02:40]} 31. Ng5 {[%emt 0:00:03]}
Rh6+ {[%emt 0:00:26]} 32. Kg4 {[%emt 0:00:02]} Rg6 {[%emt 0:00:07]} 33. Kh3 {
[%emt 0:02:37]} Rh6+ {[%emt 0:00:06]} 34. Kg4 {[%emt 0:00:04]} Rg6 {[%emt 0:00:
05]} 35. Kh3 {[%emt 0:00:48]} Rh6+ {[%emt 0:01:44]} 36. Kg4 {[%emt 0:00:10]}
Rg6 {[%emt 0:00:23]} 37. Kh3 {[%emt 0:00:38]} 1/2-1/2

[Event "I Liga Centralne Srbije"]
[Site "Bajina Bašta, Serbia"]
[Date "2020.10.10"]
[Round "1.1"]
[White "Perunovic, Miodrag"]
[Black "Markovic, Miroslav"]
[Result "1/2-1/2"]
[WhiteElo "2440"]
[BlackElo "2372"]
[Annotator "Knez"]
[PlyCount "60"]
[EventDate "2020.??.??"]
[TimeControl "90"]

1. e4 {[%emt 2:14:11]} c6 {[%emt 0:00:33]} 2. Nc3 {[%emt 0:00:17]} d5 {[%emt 0:
00:52]} 3. Nf3 {[%emt 0:00:07]} Bg4 {[%emt 0:03:47]} 4. h3 {[%emt 0:00:08]}
Bxf3 {[%emt 0:00:19]} 5. Qxf3 {[%emt 0:00:08]} e6 {[%emt 0:00:11]} 6. d3 {
[%emt 0:00:07]} Nd7 {[%emt 0:00:57]} 7. Bd2 {[%emt 0:00:07]} Ngf6 {[%emt 0:00:
31]} 8. O-O-O {[%emt 0:00:16]} Bb4 {[%emt 0:00:36]} 9. g4 {[%emt 0:05:04]} d4 {
[%emt 0:05:05]} 10. Nb1 {[%emt 0:04:10]} Qa5 {[%emt 0:04:26]} 11. Bxb4 {
[%emt 0:04:13]} Qxb4 {[%emt 0:01:36]} 12. g5 {[%emt 0:00:06]} Ng8 {[%emt 0:00:
10]} 13. h4 {[%emt 0:03:32]} Ne7 {[%emt 0:00:31]} 14. Bh3 {[%emt 0:01:25]} h6 {
[%emt 0:02:15]} 15. Nd2 {[%emt 0:05:25]} hxg5 {[%emt 0:00:29]} 16. hxg5 {
[%emt 0:00:02]} Ng6 {[%emt 0:00:40]} 17. Qg3 {[%emt 0:04:14]} Qa5 {[%emt 0:00:
14]} 18. Nc4 {[%emt 0:14:37]} Qxa2 {[%emt 0:00:18]} 19. Qc7 {[%emt 0:01:02]}
Rd8 {[%emt 0:07:28]} 20. Kd2 {[%emt 0:05:41]} Qa4 {[%emt 0:02:49]} 21. c3 {
[%emt 0:05:14]} dxc3+ {[%emt 0:04:28]} 22. bxc3 {[%emt 0:00:02]} O-O {[%emt 0:
00:30]} 23. Ra1 {[%emt 0:03:32]} Qb5 {[%emt 0:00:10]} 24. Ra5 {[%emt 0:00:14]}
Qb3 {[%emt 0:00:19]} 25. Ra3 {[%emt 0:17:34]} Qb5 {[%emt 0:00:07]} 26. Ra5 {
[%emt 0:00:16]} Qb3 {[%emt 0:00:10]} 27. Ra3 {[%emt 0:00:45]} Qb5 {[%emt 0:00:
03]} 28. Ra5 {[%emt 0:00:06]} Qb3 29. Bf5 {[%emt 0:00:01]} Nb6 {[%emt 0:00:01]}
30. Bh3 {[%emt 0:00:11]} Nd7 {[%emt 0:00:18]} 1/2-1/2

[Event "I Liga Centralne Srbije"]
[Site "Bajina Bašta, Serbia"]
[Date "2020.10.10"]
[Round "1.1"]
[White "Savic, Miodrag R"]
[Black "Pavlovic, Dejan S"]
[Result "1-0"]
[WhiteElo "2433"]
[BlackElo "2390"]
[Annotator "Knez"]
[PlyCount "115"]
[EventDate "2020.??.??"]
[TimeControl "90"]
[WhiteClock "1:30:29"]
[BlackClock "1:30:46"]

1. e4 {[%emt 0:00:12]} c5 2. c3 Nf6 3. e5 Nd5 4. g3 Nc6 5. Bg2 e6 6. Nf3 d6 7.
exd6 Bxd6 8. d4 O-O 9. O-O h6 10. dxc5 Bxc5 11. Qe2 Qc7 12. Nbd2 Rd8 13. Nb3
Be7 14. Rd1 Bd7 15. c4 Nf6 16. Bf4 Qb6 17. Rac1 Be8 18. Be3 Qc7 19. Nfd4 Nxd4
20. Nxd4 a6 21. a3 Rd7 22. b4 Rad8 23. Rd2 {[%emt 0:00:00]} a5 {[%emt 0:00:00]}
24. Nb5 {[%emt 0:00:00]} Rxd2 {[%emt 0:00:00]} 25. Bxd2 {[%emt 0:00:00]} Bxb5 {
[%emt 0:00:00]} 26. cxb5 {[%emt 0:00:00]} Qd7 {[%emt 0:00:00]} 27. Be1 {
[%emt 0:00:00]} axb4 {[%emt 0:00:00]} 28. axb4 {[%emt 0:00:00]} Nd5 {[%emt 0:
00:00]} 29. Qc4 {[%emt 0:00:00]} Bg5 {[%emt 0:00:00]} 30. Rc2 {[%emt 0:00:00]}
Qd6 {[%emt 0:00:00]} 31. Bf3 {[%emt 0:00:00]} Qe5 {[%emt 0:00:00]} 32. Re2 {
[%emt 0:00:00]} Qd6 {[%emt 0:00:00]} 33. Qc5 {[%emt 0:00:00]} Qd7 {[%emt 0:00:
00]} 34. Rc2 {[%emt 0:00:00]} Ra8 {[%emt 0:00:00]} 35. Kg2 {[%emt 0:00:00]} g6
{[%emt 0:00:00]} 36. Bxd5 {[%emt 0:00:00]} Qxd5+ {[%emt 0:00:00]} 37. Qxd5 {
[%emt 0:00:00]} exd5 {[%emt 0:00:00]} 38. Rc7 {[%emt 0:00:00]} b6 {[%emt 0:00:
00]} 39. Bc3 {[%emt 0:00:00]} Kf8 {[%emt 0:00:00]} 40. Bd4 {[%emt 0:00:00]} Ke8
{[%emt 0:00:00]} 41. Bxb6 {[%emt 0:00:00]} Rb8 {[%emt 0:00:00]} 42. Rc6 {
[%emt 0:00:00]} Be7 {[%emt 0:00:00]} 43. Kf3 {[%emt 0:00:00]} Bxb4 {[%emt 0:00:
00]} 44. Kf4 {[%emt 0:00:00]} d4 {[%emt 0:00:00]} 45. Ke4 {[%emt 0:00:00]} Be1
{[%emt 0:00:00]} 46. f3 {[%emt 0:00:00]} Kd7 {[%emt 0:00:00]} 47. Rc7+ {
[%emt 0:00:00]} Ke6 {[%emt 0:00:00]} 48. Rc6+ {[%emt 0:00:00]} Kd7 {[%emt 0:00:
00]} 49. Kd3 {[%emt 0:00:00]} Bf2 {[%emt 0:00:00]} 50. Kc4 {[%emt 0:00:00]} Bg1
{[%emt 0:00:00]} 51. h3 {[%emt 0:00:00]} d3 {[%emt 0:00:00]} 52. Bc5 {[%emt 0:
00:00]} Bh2 {[%emt 0:00:00]} 53. Rd6+ {[%emt 0:00:00]} Kc7 {[%emt 0:00:00]} 54.
b6+ {[%emt 0:00:00]} Kc8 {[%emt 0:00:00]} 55. Rxd3 {[%emt 0:00:00]} Bxg3 {
[%emt 0:00:00]} 56. Kb5 {[%emt 0:00:00]} Bf4 {[%emt 0:00:00]} 57. Kc6 {[%emt 0:
00:00]} g5 {[%emt 0:00:00]} 58. Be7 {[%emt 0:00:00]} 1-0

[Event "I Liga Centralne Srbije"]
[Site "Bajina Bašta, Serbia"]
[Date "2020.10.10"]
[Round "1.1"]
[White "Radovanovic, Dusan"]
[Black "Todorovic, Goran M"]
[Result "0-1"]
[WhiteElo "2326"]
[BlackElo "2404"]
[Annotator "Knez"]
[PlyCount "53"]
[EventDate "2020.??.??"]
[TimeControl "90"]
[WhiteClock "0:03:59"]
[BlackClock "0:54:06"]

1. d4 {[%emt 0:00:00]} Nf6 {[%emt 0:00:00]} 2. c4 {[%emt 0:00:00]} g6 {[%emt 0:
00:00]} 3. Nc3 {[%emt 0:00:00]} Bg7 {[%emt 0:00:00]} 4. e4 {[%emt 0:00:00]} d6
{[%emt 0:00:00]} 5. Nf3 {[%emt 0:00:00]} O-O {[%emt 0:00:00]} 6. Be2 {[%emt 0:
00:00]} e5 {[%emt 0:00:00]} 7. O-O {[%emt 0:00:00]} exd4 {[%emt 0:00:00]} 8.
Nxd4 {[%emt 0:00:00]} Re8 {[%emt 0:00:00]} 9. f3 {[%emt 0:00:00]} c6 {[%emt 0:
00:00]} 10. Kh1 {[%emt 0:00:00]} Nbd7 {[%emt 0:00:00]} 11. Nc2 {[%emt 0:00:00]}
Nb6 {[%emt 0:00:00]} 12. a4 {[%emt 0:00:00]} Be6 {[%emt 0:00:00]} 13. Ne3 {
[%emt 0:00:00]} a5 {[%emt 0:00:00]} 14. f4 {[%emt 0:00:00]} Qc7 {[%emt 0:00:00]
} 15. Ra3 {[%emt 0:00:00]} Rad8 {[%emt 0:00:00]} 16. Qe1 {[%emt 0:00:00]} Bc8 {
[%emt 0:00:00]} 17. c5 {[%emt 0:00:00]} dxc5 {[%emt 0:00:00]} 18. e5 {[%emt 0:
00:00]} Nfd5 {[%emt 0:00:00]} 19. Ne4 {[%emt 0:00:00]} f6 {[%emt 0:00:00]} 20.
Qh4 {[%emt 0:00:00]} fxe5 {[%emt 0:00:00]} 21. f5 {[%emt 0:00:00]} Bxf5 {
[%emt 0:00:00]} 22. Nxf5 {[%emt 0:00:00]} gxf5 {[%emt 0:00:00]} 23. Rh3 {
[%emt 0:00:00]} Bh8 {[%emt 0:00:00]} 24. Rxf5 {[%emt 0:00:00]} Rd7 {[%emt 0:00:
00]} 25. Rg5+ {[%emt 0:00:00]} Kf8 {[%emt 0:00:00]} 26. Rf3+ {[%emt 0:00:00]}
Rf7 {[%emt 0:00:00]} 27. Qh6+ {[%emt 0:00:00]} 0-1

[Event "I Liga Centralne Srbije"]
[Site "Bajina Bašta, Serbia"]
[Date "2020.10.10"]
[Round "1.1"]
[White "Radovanovic, Jovica"]
[Black "Radivojevic, Ivan"]
[Result "1/2-1/2"]
[WhiteElo "2303"]
[BlackElo "2365"]
[Annotator "Knez"]
[PlyCount "120"]
[EventDate "2020.??.??"]
[TimeControl "90"]
[WhiteClock "0:05:16"]
[BlackClock "0:00:38"]

1. d4 {[%emt 0:00:00]} Nf6 {[%emt 0:00:00]} 2. Nf3 {[%emt 0:00:00]} e6 {
[%emt 0:00:00]} 3. c4 {[%emt 0:00:00]} Bb4+ {[%emt 0:00:00]} 4. Bd2 {[%emt 0:
00:00]} Qe7 {[%emt 0:00:00]} 5. g3 {[%emt 0:00:00]} O-O {[%emt 0:00:00]} 6. Bg2
{[%emt 0:00:00]} Bxd2+ {[%emt 0:00:00]} 7. Qxd2 {[%emt 0:00:00]} d6 {[%emt 0:
00:00]} 8. O-O {[%emt 0:00:00]} e5 {[%emt 0:00:00]} 9. Nc3 {[%emt 0:00:00]} Re8
{[%emt 0:00:00]} 10. Qc2 {[%emt 0:00:00]} c6 {[%emt 0:00:00]} 11. e3 {[%emt 0:
00:00]} Qc7 {[%emt 0:00:00]} 12. Rac1 {[%emt 0:00:00]} Nbd7 {[%emt 0:00:00]}
13. Rfd1 {[%emt 0:00:00]} Nf8 {[%emt 0:00:00]} 14. h3 {[%emt 0:00:00]} h6 {
[%emt 0:00:00]} 15. a3 {[%emt 0:00:00]} Bd7 {[%emt 0:00:00]} 16. b4 {[%emt 0:
00:00]} Rad8 {[%emt 0:00:00]} 17. dxe5 {[%emt 0:00:00]} dxe5 {[%emt 0:00:00]}
18. Nd2 {[%emt 0:00:00]} Qc8 {[%emt 0:00:00]} 19. Nde4 {[%emt 0:00:00]} Nxe4 {
[%emt 0:00:00]} 20. Nxe4 {[%emt 0:00:02]} Bf5 {[%emt 0:00:34]} 21. Kh2 {
[%emt 0:00:00]} Bxe4 {[%emt 0:00:00]} 22. Bxe4 {[%emt 0:00:00]} Rxd1 23. Rxd1 {
[%emt 0:00:00]} Rd8 {[%emt 0:00:00]} 24. Bf5 {[%emt 0:00:00]} Qc7 {[%emt 0:00:
00]} 25. c5 {[%emt 0:00:00]} g6 {[%emt 0:00:00]} 26. Be4 {[%emt 0:00:00]} h5 {
[%emt 0:00:00]} 27. Rxd8 {[%emt 0:00:00]} Qxd8 {[%emt 0:00:00]} 28. b5 {
[%emt 0:00:00]} Qe7 {[%emt 0:00:00]} 29. bxc6 {[%emt 0:00:00]} bxc6 {[%emt 0:
00:00]} 30. Bxc6 {[%emt 0:00:00]} Ne6 {[%emt 0:00:00]} 31. Bd5 {[%emt 0:00:00]}
Qxc5 {[%emt 0:00:00]} 32. Qb3 {[%emt 0:00:00]} Qd6 {[%emt 0:00:00]} 33. Kg2 {
[%emt 0:00:00]} Kg7 {[%emt 0:00:00]} 34. Bxe6 {[%emt 0:00:00]} fxe6 {[%emt 0:
00:00]} 35. Qb7+ {[%emt 0:00:00]} Kf6 {[%emt 0:00:00]} 36. Qxa7 {[%emt 0:00:00]
} Qd5+ {[%emt 0:00:00]} 37. Kh2 {[%emt 0:00:00]} Qf3 {[%emt 0:00:00]} 38. Kg1 {
[%emt 0:00:00]} Qd1+ {[%emt 0:00:00]} 39. Kg2 {[%emt 0:00:00]} Qd5+ {[%emt 0:
00:00]} 40. Kh2 {[%emt 0:00:00]} Qf3 {[%emt 0:00:00]} 41. e4 {[%emt 0:00:00]}
h4 {[%emt 0:00:00]} 42. gxh4 {[%emt 0:00:00]} Qxe4 {[%emt 0:00:00]} 43. Qe3 {
[%emt 0:00:00]} Qxh4 {[%emt 0:00:00]} 44. Qf3+ {[%emt 0:00:00]} Kg7 {[%emt 0:
00:00]} 45. Qe3 {[%emt 0:00:00]} Kf6 {[%emt 0:00:00]} 46. Kg2 {[%emt 0:00:00]}
Qc4 {[%emt 0:00:00]} 47. Qf3+ {[%emt 0:00:00]} Kg7 {[%emt 0:00:00]} 48. Kg3 {
[%emt 0:00:00]} Qd4 {[%emt 0:00:00]} 49. Qe3 {[%emt 0:00:00]} Qa1 {[%emt 0:00:
00]} 50. Kg2 {[%emt 0:00:00]} Kh7 {[%emt 0:00:00]} 51. h4 {[%emt 0:00:00]} Qa2
{[%emt 0:00:00]} 52. Qf3 {[%emt 0:00:00]} Qc4 {[%emt 0:00:00]} 53. h5 {[%emt 0:
00:00]} Kh6 {[%emt 0:00:00]} 54. hxg6 {[%emt 0:00:00]} Kxg6 {[%emt 0:00:00]}
55. Kg3 {[%emt 0:00:00]} Kg5 {[%emt 0:00:00]} 56. Qe3+ {[%emt 0:00:00]} Kf5 {
[%emt 0:00:00]} 57. f3 {[%emt 0:00:00]} Qc2 {[%emt 0:00:00]} 58. Qa7 {[%emt 0:
00:00]} e4 {[%emt 0:00:00]} 59. Qh7+ {[%emt 0:00:24]} Ke5 {[%emt 0:00:00]} 60.
Qxe4+ {[%emt 0:00:26]} Qxe4 {[%emt 0:00:00]} 1/2-1/2

[Event "PRVA LIGA CS 2020"]
[Site "Bajina basta"]
[Date "2020.10.10"]
[Round "1.2"]
[White "Drenchev, Petar"]
[Black "Ristic, Nebojsa B"]
[Result "1/2-1/2"]
[WhiteElo "2434"]
[BlackElo "2312"]
[PlyCount "40"]
[EventDate "2020.10.10"]
[WhiteTeam "ASK - Arandjelovac"]
[BlackTeam "RADNIK Surdulica"]

1. e4 Nc6 2. Nf3 d6 3. d4 Nf6 4. c3 g6 5. Bd3 Bg7 6. O-O O-O 7. Na3 a6 8. Re1
Bg4 9. h3 Bxf3 10. Qxf3 e5 11. Nc2 Nd7 12. Be3 Ne7 13. Rad1 Kh8 14. Bg5 h6 15.
Bc1 Rb8 16. Qg3 f5 17. exf5 gxf5 18. dxe5 Nxe5 19. Nd4 Rf6 20. f4 Rg6 1/2-1/2

[Event "PRVA LIGA CS 2020"]
[Site "Bajina basta"]
[Date "2020.10.10"]
[Round "1.2"]
[White "Spasic, Petar"]
[Black "Pikula, Dejan"]
[Result "0-1"]
[WhiteElo "2251"]
[BlackElo "2421"]
[PlyCount "85"]
[EventDate "2020.10.10"]
[WhiteTeam "RADNIK Surdulica"]
[BlackTeam "ASK - Arandjelovac"]

1. e4 d6 2. d4 Nf6 3. Nc3 e5 4. Nge2 Be7 5. f3 h5 6. Be3 c6 7. a4 Nbd7 8. d5
cxd5 9. exd5 a6 10. Ng3 g6 11. Bc4 h4 12. Nge2 Qc7 13. Bb3 Nb6 14. a5 Nc4 15.
Bxc4 Qxc4 16. Ra4 Qc7 17. Bb6 Qb8 18. Rc4 Bd7 19. Qd2 h3 20. g4 Bd8 21. g5 Bb5
22. Rb4 Bxb6 23. axb6 Nd7 24. O-O Nxb6 25. Nxb5 axb5 26. Rxb5 Nd7 27. Ng3 Rh4
28. Ne4 Ke7 29. c4 Qa7+ 30. Kh1 b6 31. Qb4 Qc7 32. Qc3 Rf4 33. b4 Ra4 34. Re1
Ra3 35. Qxa3 Qxc4 36. Rc5 bxc5 37. bxc5 Qc2 38. Rg1 Rxe4 39. cxd6+ Kf8 40. Qc1
Qxc1 41. Rxc1 Rd4 42. Kg1 Rxd5 43. Kf2 0-1

[Event "PRVA LIGA CS 2020"]
[Site "Bajina basta"]
[Date "2020.10.10"]
[Round "1.2"]
[White "Brkljaca, Ante"]
[Black "Djordjevic, Miroslav"]
[Result "1/2-1/2"]
[WhiteElo "2266"]
[BlackElo "1885"]
[PlyCount "29"]
[EventDate "2020.10.10"]
[WhiteTeam "ASK - Arandjelovac"]
[BlackTeam "RADNIK Surdulica"]

1. d4 d5 2. Nf3 Nf6 3. c4 c6 4. Nc3 dxc4 5. a4 Bf5 6. e3 e6 7. Bxc4 Bb4 8. O-O
O-O 9. Qe2 Nbd7 10. e4 Bg6 11. e5 Nd5 12. Bd2 Bh5 13. Ne4 Bxd2 14. Qxd2 Bxf3
15. gxf3 1/2-1/2

[Event "PRVA LIGA CS 2020"]
[Site "Bajina basta"]
[Date "2020.10.10"]
[Round "1.2"]
[White "Milic, Slobodan"]
[Black "Vojinovic, Luka"]
[Result "0-1"]
[WhiteElo "1888"]
[BlackElo "2271"]
[PlyCount "83"]
[EventDate "2020.10.10"]
[WhiteTeam "RADNIK Surdulica"]
[BlackTeam "ASK - Arandjelovac"]

1. d4 d5 2. Nf3 Nf6 3. Bf4 c5 4. e3 Nc6 5. c3 Qb6 6. Qc1 Bf5 7. h3 Rc8 8. dxc5
Qxc5 9. Nbd2 Nb4 10. Nb3 Qb6 11. Nbd4 Bd3 12. Qd1 Bxf1 13. Kxf1 Qa6+ 14. Kg1
Nd3 15. Qc2 Ne4 16. Rf1 e6 17. a3 Bc5 18. Bg3 Be7 19. Ne2 O-O 20. Rd1 Ndc5 21.
h4 Qb6 22. Nd2 f5 23. Nxe4 Nxe4 24. Be5 Nf6 25. Bxf6 Bxf6 26. g3 Rc4 27. Rd2
Qc6 28. Qb3 Rb8 29. Kh2 b5 30. Rhd1 a6 31. Nf4 h6 32. Rd3 g5 33. hxg5 hxg5 34.
Ne2 Qe8 35. Kg2 Kg7 36. Rh1 Qg6 37. Qd1 Rf8 38. Ng1 a5 39. Qb3 f4 40. Rd2 fxe3
41. fxe3 Qe4+ 42. Nf3 0-1

[Event "PRVA LIGA CS 2020"]
[Site "Bajina basta"]
[Date "2020.10.10"]
[Round "1.2"]
[White "Nikolic, Dragovan"]
[Black "Banjovic, Sasa"]
[Result "1-0"]
[WhiteElo "2192"]
[BlackElo "2121"]
[PlyCount "109"]
[EventDate "2020.10.10"]
[WhiteTeam "ASK - Arandjelovac"]
[BlackTeam "RADNIK Surdulica"]

1. c4 f5 2. Nc3 Nf6 3. Nf3 d6 4. d4 e6 5. g3 Be7 6. Bg2 O-O 7. O-O Ne4 8. Qc2
Nxc3 9. Qxc3 Bf6 10. Qc2 e5 11. dxe5 dxe5 12. Rd1 Qe7 13. b3 Nc6 14. Bb2 e4 15.
Nd4 Ne5 16. Nb5 Qf7 17. Rac1 a6 18. Nc3 Bg5 19. Rb1 Re8 20. Rd5 c6 21. Nxe4
fxe4 22. Rxe5 Rxe5 23. Bxe5 e3 24. f4 Bf6 25. Bxf6 Qxf6 26. Rd1 Bg4 27. h3 Bh5
28. Be4 Re8 29. Bxh7+ Kh8 30. Bd3 c5 31. Rf1 Re7 32. Qc1 b6 33. Qa1 Qh6 34. f5
Qd6 35. Rf4 Kg8 36. Qc3 Re5 37. Kh2 a5 38. Be4 Qd4 39. Qxd4 cxd4 40. Bd3 Bxe2
41. Bxe2 d3 42. Rf1 dxe2 43. Re1 Rxf5 44. Rxe2 a4 45. Kg2 b5 46. cxb5 axb3 47.
axb3 Rxb5 48. Rxe3 Kf7 49. Kf3 Rb4 50. Ke2 Kf6 51. Kd2 g5 52. Kc3 Rb8 53. b4
Kf5 54. Kc4 Rc8+ 55. Kd5 1-0

[Event "PRVA LIGA CS 2020"]
[Site "Bajina basta"]
[Date "2020.10.10"]
[Round "1.2"]
[White "Dimitrijevic, Zoran"]
[Black "Ivanovic, Lazar"]
[Result "0-1"]
[WhiteElo "2088"]
[BlackElo "2108"]
[PlyCount "81"]
[EventDate "2020.10.10"]
[WhiteTeam "RADNIK Surdulica"]
[BlackTeam "ASK - Arandjelovac"]

1. Nf3 Nf6 2. b3 g6 3. Bb2 Bg7 4. g3 O-O 5. Bg2 c5 6. O-O Nc6 7. d3 d5 8. Nbd2
Qc7 9. Re1 Rd8 10. Qc1 Bh6 11. Bxf6 exf6 12. c3 Ne5 13. Qb2 Bg4 14. h3 Be6 15.
d4 cxd4 16. cxd4 Nc6 17. a3 Qd7 18. Kh2 f5 19. e3 Rac8 20. Rac1 g5 21. h4 f6
22. b4 f4 23. hxg5 fxg3+ 24. fxg3 fxg5 25. b5 Ne7 26. Ne5 Qd6 27. g4 Bxg4 28.
Qb4 Be6 29. Qxd6 Rxd6 30. Rxc8+ Nxc8 31. Rc1 g4 32. Rc3 Ne7 33. Nf1 Ng6 34.
Nxg6 hxg6 35. Rc7 Rb6 36. a4 Bf8 37. Kg1 Bd6 38. Rc2 a6 39. Rb2 axb5 40. axb5
Kf7 41. Kf2 0-1

[Event "PRVA LIGA CS 2020"]
[Site "Bajina basta"]
[Date "2020.10.10"]
[Round "1.3"]
[White "Kostic, Vladimir G"]
[Black "Delchev, Aleksander"]
[Result "1/2-1/2"]
[WhiteElo "2289"]
[BlackElo "2548"]
[PlyCount "81"]
[EventDate "2020.10.10"]
[WhiteTeam "KRUSIK - Valjevo"]
[BlackTeam "RADNICKI VODOVOD - Kragujevac"]

1. e4 c5 2. a3 g6 3. b4 Bg7 4. Nc3 cxb4 5. axb4 d6 6. Rb1 Nf6 7. d4 O-O 8. Bd3
e5 9. dxe5 dxe5 10. Nf3 Be6 11. O-O Nbd7 12. h3 Qc7 13. Bd2 a6 14. Qe2 Rfc8 15.
Rfc1 b5 16. Nd1 Nb6 17. Ra1 Nc4 18. Ng5 Bd7 19. Bxc4 Qxc4 20. Qxc4 Rxc4 21. Nb2
Rc7 22. f4 h6 23. fxe5 hxg5 24. exf6 Bxf6 25. c3 Be6 26. Nd1 Rc4 27. Nf2 Rd8
28. Be1 Bc8 29. Ra2 Be5 30. Re2 Bf4 31. Rd1 Rxd1 32. Nxd1 Bb7 33. Nf2 f6 34.
Nd3 Rxe4 35. Rxe4 Bxe4 36. Nxf4 gxf4 37. Bd2 g5 38. h4 Kf7 39. hxg5 fxg5 40. g3
fxg3 41. Bxg5 1/2-1/2

[Event "PRVA LIGA CS 2020"]
[Site "Bajina basta"]
[Date "2020.10.10"]
[Round "1.3"]
[White "Radovanovic, Mihajlo"]
[Black "Sredojevic, Ivan"]
[Result "1-0"]
[WhiteElo "2457"]
[BlackElo "2258"]
[PlyCount "89"]
[EventDate "2020.10.10"]
[WhiteTeam "RADNICKI VODOVOD - Kragujevac"]
[BlackTeam "KRUSIK - Valjevo"]

1. Nf3 Nf6 2. c4 c5 3. g3 b6 4. Bg2 Bb7 5. O-O e6 6. Nc3 Be7 7. d4 cxd4 8. Qxd4
d6 9. Bg5 a6 10. Rfd1 Nbd7 11. Qd2 Qc7 12. Bf4 e5 13. Be3 Rc8 14. Rac1 Qb8 15.
b3 O-O 16. Bh3 Rcd8 17. Nh4 Ne4 18. Nxe4 Bxe4 19. Nf5 Bxf5 20. Bxf5 Nc5 21. b4
Ne6 22. Qd5 Bg5 23. Bxg5 Nxg5 24. h4 Ne6 25. Bxe6 fxe6 26. Qxe6+ Kh8 27. Rd3
Rf6 28. Qd5 Rdf8 29. Rf3 Rxf3 30. exf3 h6 31. Kg2 Qc7 32. Rd1 Rf6 33. Qa8+ Kh7
34. Qxa6 Qf7 35. Qa8 Qxc4 36. Qe4+ Qxe4 37. fxe4 Kg8 38. a4 h5 39. a5 bxa5 40.
bxa5 Kf7 41. a6 Ke6 42. a7 Rf8 43. f4 Ra8 44. Ra1 Kd7 45. f5 1-0

[Event "PRVA LIGA CS 2020"]
[Site "Bajina basta"]
[Date "2020.10.10"]
[Round "1.3"]
[White "Zivkovic, Sava"]
[Black "Radovanovic, Nikola"]
[Result "1/2-1/2"]
[WhiteElo "2297"]
[BlackElo "2377"]
[PlyCount "41"]
[EventDate "2020.10.10"]
[WhiteTeam "KRUSIK - Valjevo"]
[BlackTeam "RADNICKI VODOVOD - Kragujevac"]

1. e4 e5 2. Nf3 Nc6 3. Bb5 Bc5 4. c3 Nf6 5. O-O O-O 6. d4 Be7 7. dxe5 Nxe4 8.
Qd5 Nc5 9. b4 a6 10. Bc4 Ne6 11. Qe4 b5 12. Bd5 Bb7 13. h4 Qc8 14. Bg5 Rb8 15.
Nbd2 Re8 16. Rfe1 Bf8 17. Be3 Ne7 18. Bxb7 Qxb7 19. Qg4 d5 20. Ng5 Qc8 21. Ndf3
1/2-1/2

[Event "PRVA LIGA CS 2020"]
[Site "Bajina basta"]
[Date "2020.10.10"]
[Round "1.3"]
[White "Radovic, Janko"]
[Black "Ivanovic, Dragutin"]
[Result "1/2-1/2"]
[WhiteElo "2433"]
[BlackElo "2307"]
[PlyCount "57"]
[EventDate "2020.10.10"]
[WhiteTeam "RADNICKI VODOVOD - Kragujevac"]
[BlackTeam "KRUSIK - Valjevo"]

1. e4 c5 2. Nf3 e6 3. d4 cxd4 4. Nxd4 Nc6 5. Nxc6 bxc6 6. Bd3 Nf6 7. O-O d5 8.
Nd2 Qc7 9. c4 Bd6 10. exd5 cxd5 11. cxd5 Nxd5 12. Bb5+ Bd7 13. Bxd7+ Qxd7 14.
Ne4 O-O 15. Nxd6 Qxd6 16. Re1 Rfc8 17. b3 Qc5 18. Bb2 Qc2 19. Qd4 Nc3 20. Bxc3
Qxc3 21. Red1 Qxd4 22. Rxd4 Rc2 23. Rad1 g6 24. Ra4 Rc7 25. Ra6 e5 26. g3 Re8
27. Rd2 Kg7 28. Kg2 e4 29. h4 1/2-1/2

[Event "PRVA LIGA CS 2020"]
[Site "Bajina basta"]
[Date "2020.10.10"]
[Round "1.3"]
[White "Zivanovic, Bojan"]
[Black "Radovic, Luka"]
[Result "1/2-1/2"]
[WhiteElo "2159"]
[BlackElo "2334"]
[PlyCount "51"]
[EventDate "2020.10.10"]
[WhiteTeam "KRUSIK - Valjevo"]
[BlackTeam "RADNICKI VODOVOD - Kragujevac"]

1. e4 c5 2. g3 Nc6 3. Bg2 g6 4. Ne2 Bg7 5. O-O d6 6. c3 e5 7. d3 Nge7 8. Be3
O-O 9. Nd2 b6 10. f4 d5 11. Nf3 Bb7 12. Nxe5 Nxe5 13. fxe5 dxe4 14. Bxe4 Bxe4
15. dxe4 Bxe5 16. Bh6 Bg7 17. Bxg7 Kxg7 18. Nf4 Qc7 19. Qg4 Qe5 20. Nd3 Qc7 21.
Qg5 Rad8 22. Nf4 h6 23. Nh5+ Kh7 24. Nf6+ Kg7 25. Nh5+ Kh7 26. Nf6+ 1/2-1/2

[Event "PRVA LIGA CS 2020"]
[Site "Bajina basta"]
[Date "2020.10.10"]
[Round "1.3"]
[White "Zlatanovic, Boroljub"]
[Black "Jovcic, Zoran"]
[Result "1-0"]
[WhiteElo "2372"]
[BlackElo "2140"]
[PlyCount "97"]
[EventDate "2020.10.10"]
[WhiteTeam "RADNICKI VODOVOD - Kragujevac"]
[BlackTeam "KRUSIK - Valjevo"]

1. Nc3 e6 2. e4 d5 3. Nf3 Nf6 4. d3 dxe4 5. Nxe4 Nxe4 6. dxe4 Qxd1+ 7. Kxd1 Bc5
8. Ke1 Nd7 9. Bf4 Bb6 10. a4 a5 11. Bb5 Ke7 12. Ke2 Nc5 13. Nd2 Bd7 14. Bxd7
Kxd7 15. Be3 f6 16. Nc4 Kc6 17. Bxc5 Bxc5 18. Rhd1 b6 19. Rd3 Rhd8 20. Rad1 Be7
21. Rxd8 Rxd8 22. Rxd8 Bxd8 23. Kd3 Be7 24. Nd2 Kc5 25. c3 c6 26. Nb3+ Kd6 27.
Nd4 g6 28. Kc4 e5 29. Nc2 Kc7 30. b4 Kb7 31. Na3 Kc7 32. f3 Kd7 33. Nc2 Kd6 34.
Ne3 Bd8 35. h4 Ke6 36. bxa5 bxa5 37. Kc5 Kd7 38. Nc4 h5 39. g3 Be7+ 40. Kb6
Bd8+ 41. Kb7 Bc7 42. g4 Bd8 43. gxh5 gxh5 44. Ne3 Be7 45. Nf5 Bc5 46. Ka6 Bb4
47. cxb4 axb4 48. Ne3 Kd6 49. Kb6 1-0